Carta sobre la colaboración del hombre y la mujer en la Iglesia y en el mundo /
Αποθηκεύτηκε σε:
| Συγγραφή απο Οργανισμό/Αρχή: | |
|---|---|
| Μορφή: | Πρακτικό Συνεδρίου |
| Γλώσσα: | Spanish |
| Έκδοση: |
San José, Costa Rica :
Ediciones Promesa,
2004.
|
| Σειρά: | (Serie Antropología;
no. 11) |
| Θέματα: | |
| Ετικέτες: |
Προσθήκη ετικέτας
Δεν υπάρχουν, Καταχωρήστε ετικέτα πρώτοι!
|
MARC
| LEADER | 000000000a22000000004500 | ||
|---|---|---|---|
| 001 | 009115 | ||
| 008 | 171122b xxu||||| |||| 00| 0 spa d | ||
| 020 | |a 9968410659 | ||
| 041 | 0 | |a spa | |
| 082 | 0 | 4 | |a 253 |b C749c |
| 111 | 2 | |a Congregación para la Doctrina de la Fe | |
| 245 | 1 | 0 | |a Carta sobre la colaboración del hombre y la mujer en la Iglesia y en el mundo / |c Congregación para la Doctrina de la Fe. |
| 260 | 1 | |a San José, Costa Rica : |b Ediciones Promesa, |c 2004. | |
| 300 | |a 66 páginas ; |c 22 cm. | ||
| 490 | 1 | |a (Serie Antropología; |v no. 11) | |
| 650 | 4 | |a MUJERES (TEOLOGIA CRISTIANA) | |
| 650 | 4 | |a HOMBRES (TEOLOGIA CRISTIANA) | |
| 650 | 4 | |a TEOLOGIA PASTORAL | |
| 942 | |c BK |2 ddc | ||
| 999 | |c 14390 |d 14390 | ||



